Desarrollo sustentable: opciones y limitaciones para América Latina y el Caribe /
Se analizan y discuten las principales modalidades de implementación de estrategias de desarrollo sustentable. Básicamente se ha diferenciado las del tipo "de arriba hacia abajo" y las de sentido contrario "de abajo hacia arriba". A través de esta denominación topográfica element...
Uloženo v:
| Hlavní autor: | |
|---|---|
| Médium: | Text |
| Témata: | |
| Tagy: |
Přidat tag
Žádné tagy, Buďte první, kdo vytvoří štítek k tomuto záznamu!
|
MARC
| LEADER | 00000 a a2200000 04500 | ||
|---|---|---|---|
| 001 | 4529 | ||
| 003 | |||
| 040 | |||
| 100 | |a Lisio, Antonio de | ||
| 245 | |a Desarrollo sustentable: |b opciones y limitaciones para América Latina y el Caribe / |c Antonio de Lisio | ||
| 520 | |a Se analizan y discuten las principales modalidades de implementación de estrategias de desarrollo sustentable. Básicamente se ha diferenciado las del tipo "de arriba hacia abajo" y las de sentido contrario "de abajo hacia arriba". A través de esta denominación topográfica elemental de las opciones, se ha querido tanto advertir la falta de una evaluación política más formal sobre la sustentabilidad, como -quizás en buena medida producto de esta misma carencia- el amalgamado espectro de actores que favorecen la alternativa sustentable: desde los organismos que representan de la manera más cabal el actual "status quo" del poder a nivel internacional como la ONU, hasta algunos grupos de presión y denuncia ecológica muestran, bien desde "arriba" o bien desde "abajo", su interés en el desarrollo sustentable. Doc/PAG | ||
| 650 | |a DESARROLLO SUSTENTABLE | ||
| 650 | |a ECONOMIA DE MERCADO | ||
| 650 | |a INTERVENCION DEL ESTADO | ||
| 650 | |a POLITICA REGIONAL | ||
| 650 | |a ESTRATEGIA DEL DESARROLLO | ||
| 773 | |g volumen 16, número 42; páginas 1-23 | ||
| 999 | |c 31104 |d 31104 | ||
